000 00590nam a2200241 a 4500
001 0001-1100
003 ELIB.Books
008 150119 2010 eng
020 _a0802451519
035 _a(ELIB.Books)0001-1255
092 _a230.042
_bNef
100 _aNeff, Mariam.
245 _aWomen and Their Emotions
260 _aChicago
_bMoody Press
_c1983
300 _a151
_c21.5 Cm
500 _aC/o Moe Lwai
650 _aFeminist
856 _nKBTS; Library
_uKBTS; Elib.
942 _2ddc
_cBK
990 _a1
998 _cbat
_e2015-01-19
999 _c11100
_d11100